Àrea d'Espais Naturals : resum d'activitats 2007 resum d'activitats 2007
Descripción Física:
179 p. : taules ; 29 cm
MARC
| LEADER | 00000nam a2200000Ia 4500 | ||
|---|---|---|---|
| 001 | 21603 | ||
| 008 | 160829s2008 xx 000 0 cat d | ||
| 080 | |a C-3-197 | ||
| 245 | |a Àrea d'Espais Naturals : |b resum d'activitats 2007 | ||
| 260 | |a Barcelona : |b Diputació de Barcelona. Àrea d'Espais Naturals, |c 2008 | ||
| 300 | |a 179 p. : |b taules ; |c 29 cm | ||
| 590 | |a Continuat per: Àrea d'Espais Naturals : memòria | ||
| 610 | 0 | |a Barcelona (Catalunya : Província). |b Àrea d'Espais Naturals |9 9050 | |
| 710 | |a Barcelona (Catalunya : Província). |b Àrea d'Espais Naturals |9 9050 | ||
| 901 | |a Arxiu | ||
| 942 | |n 1 | ||
| 952 | |0 0 |1 0 |4 0 |6 C3197 |7 1 |9 52571 |a Arxiu |b Arxiu |d 2016-12-01 |l 0 |o C-3-197 |p 21603 |r 2016-12-01 00:00:00 |w 2016-12-01 |y ARXIU | ||
| 999 | |c 56420 |d 56420 | ||